Harvesting space for a greener earth (Record no. 19044)

MARC details
000 -LEADER
fixed length control field 00687nam a2200229Ia 4500
003 - CONTROL NUMBER IDENTIFIER
control field IN-BaIIA
008 - FIXED-LENGTH DATA ELEMENTS--GENERAL INFORMATION
fixed length control field 211028s9999 xx 000 0 eng d
020 ## - INTERNATIONAL STANDARD BOOK NUMBER
International Standard Book Number 978-1-4614-9425-6
040 ## - CATALOGING SOURCE
Transcribing agency IIA Library
080 ## - UNIVERSAL DECIMAL CLASSIFICATION NUMBER
Universal Decimal Classification number 629.78:551.1
Item number MAT
100 ## - MAIN ENTRY--PERSONAL NAME
Personal name Matloff, Greg
9 (RLIN) 36363
245 #0 - TITLE STATEMENT
Title Harvesting space for a greener earth
Statement of responsibility, etc. Greg Matloff, C. Bangs and Les Johnson
250 ## - EDITION STATEMENT
Edition statement 2nd ed.
260 ## - PUBLICATION, DISTRIBUTION, ETC.
Place of publication, distribution, etc. New York
Name of publisher, distributor, etc. Springer
Date of publication, distribution, etc. 2014
300 ## - PHYSICAL DESCRIPTION
Extent xv, 277p.
650 ## - SUBJECT ADDED ENTRY--TOPICAL TERM
Topical term or geographic name entry element Astronautics and civilization
9 (RLIN) 36364
650 ## - SUBJECT ADDED ENTRY--TOPICAL TERM
Topical term or geographic name entry element Environmental degradation
9 (RLIN) 36365
650 ## - SUBJECT ADDED ENTRY--TOPICAL TERM
Topical term or geographic name entry element Environmental responsibility
9 (RLIN) 36366
700 ## - ADDED ENTRY--PERSONAL NAME
Personal name Bangs, C
9 (RLIN) 36367
700 ## - ADDED ENTRY--PERSONAL NAME
Personal name Johnson, Les
9 (RLIN) 36368
942 ## - ADDED ENTRY ELEMENTS (KOHA)
Koha item type Books
Holdings
Withdrawn status Lost status Damaged status Not for loan Home library Current library Shelving location Date acquired Source of acquisition Cost, normal purchase price Total Checkouts Full call number Barcode Date last seen Cost, replacement price Price effective from Koha item type Purchase Price
        IIA Library-Bangalore IIA Library-Bangalore General Stacks 30/04/2015 ANJ 6462.00   629.78:551.1/ MAT 19966 05/11/2021 6462.00 30/04/2015 Books Rs. 6462.00

Powered by Koha